01489nam a22003137a 450000500170000000800410001702000180005805000200007624504250009625000110052126000400053230000280057249000350060065000330063565000260066865000360069470000390073070000360076970000360080570000450084170000360088670000370092270000380095970000390099770000370103670000300107370000340110370000380113720210826132014.0161201b2014 mx ||||| |||| 00| 0 spa d a978849053707704aK3165bT46 201400aTeoría y práctica del poder constituyente c/ editor Rubén Martínez Dalmau ; autores Marco Aparicio Wilhelmi, Carlos de Cabo Martín, Antonio de Cabo de la Vega, José Ángel Camisó, Yagúe, Marcos Criado de Diego González Cadenas, gabriel Moreno González, Albert Noguera Fernández, Francisco Palacios Romeo, Gerardo Pisarello, Silvia Soriano Moreno, José M. Vidal Beltrán, Universitat de Venecia a1a ed. aMéxico :btirant lo blanch,c2014 a495 p. :bil. ;c22 cm.0 aTirant lo Blanch monografías 72lembaDerecho constitucional 72lembaPoder ejecutivo 72lembaPoder (Ciencias sociales)1 aMartínez Dalmau, Rubéneeditor1 aAparicio Wilhelmi, Marcoeautor1 aCabo Martín, Carlos deeautor1 aCamisón Yagüe, José Ángeleautor1 aCriado de Diego, Marcooseautor1 aGonzález Cadenas, Diegoeautor1 aMoreno González, Gabrieleautor1 aNoguera Fernández, Alberteautor1 aPalacios Romeo, Franciscoeautor1 aPisarello, Gerardoeautor1 aSoriano Moreno, Silviaeautor1 aVidal Beltrán, José M.eautor